000 00507nam a2200181Ia 4500
008 100920s9999 xx 000 0 und d
082 _b37143
_a17 थ 73
100 _aSergeev Boris / Translated By- Meshov Oleg.
245 _aPhysiology for Everyone.
260 _bMIR PUBLISHERS, MOWCOW.
_c1973
300 _a342
_bसाधी
365 _b3
520 _aपी.एस.
630 _aPhysiology for Everyone.
650 _aपी.एस.
730 _aPhysiology for Everyone.
942 _cBOOK
999 _c689842
_d689839